Paolo Uccello

Saved in:
Bibliographic Details
Main Author: Berti, Luciano (Author)
Format: Book
Language:Spanish
Published: Buenos Aires Codex 1965
Series:Pinacoteca de los Genios
Subjects:
Tags: Add Tag
No Tags, Be the first to tag this record!

MARC

LEADER 00000nam a2200000 a 4500
001 UCU5718
003 CL-VaPUC
008 960614e19650000AG |||||||||||||||||spa|d
082 0 4 |a 759.03  |b BER  |2 21 
100 0 |a Berti, Luciano  |e author  |9 363681 
245 1 0 |a Paolo Uccello 
300 |a 7 p 
942 |c BK 
945 |d 19960614 00:00:00  |a rbrito 
260 |a Buenos Aires  |b Codex  |c 1965 
600 0 7 |a UCCELLO, PAOLO  |2 CL-VaPUC  |9 363682 
650 0 |a Pintura italiana  |9 265293 
650 0 |a Pintores italianos  |9 265277 
650 0 |a Pintura renacentista  |9 266314 
650 0 |a Renacimiento  |9 255107 
651 0 |a Italia  |9 254949 
583 |a last modification  |c 19960614 00:00:00  |k Rodrigo Vera 
490 0 |a Pinacoteca de los Genios 
999 |c 248921  |d 248919 
952 |0 0  |1 0  |4 0  |6 759_030000000000000_BER_1965  |7 0  |8 A  |9 265870  |a BIBARQ  |b BIBARQ  |d 2019-11-19  |i 3207803  |o 759.03 BER 1965  |p 3207803  |r 2024-01-16  |w 2019-11-19  |y BK  |k ARQ